| 000 | 01104nam a22003257a 4500 | ||
|---|---|---|---|
| 003 | CHAP | ||
| 005 | 20220329133611.0 | ||
| 008 | 971013s1992 r 00010 d | ||
| 010 | _a8402 | ||
| 011 | _a9374 | ||
| 035 | _a8609 | ||
| 040 | _cCHAP | ||
| 090 | _aTesis | ||
| 100 | 0 | 0 |
_aCarrillo Ocampo, Aída. _919522 |
| 245 | _aAnatomía de la semilla de Chenopodium berlandiere spp nuttalliae (Chenopodiaceae) "huauzontle" | ||
| 260 |
_aMontecillo, Méx. : _bEl Autor, _c1992 |
||
| 300 |
_a87 h. _b: ilus |
||
| 502 | _aTesis (M.C. Esp. en Botánica) -- Colegio de Postgraduados. Centro de Botánica | ||
| 590 |
_aALEPH _b10 _c20130110 _lUCH01 _h1222 |
||
| 590 |
_aBATCH-UPD _b10 _c20130110 _lUCH01 _h1806 |
||
| 590 |
_aBATCH-UPD _b10 _c20130410 _lUCH01 _h1141 |
||
| 590 |
_aBATCH-UPD _b10 _c20130914 _lUCH01 _h0853 |
||
| 590 |
_aCONVERSION _b10 _c20130109 _lUCH01 _h1306 |
||
| 650 | 1 | 4 |
_aHuauzontle _xSemilla. _956597 |
| 650 | 1 | 4 |
_aSemillas _xAnatomía. _9103877 |
| 901 | _aBK | ||
| 942 | _cFOLL | ||
| 949 |
_bBC _cTES _d-18867 _eTS1 _h25862 _i8609 _mD _si |
||
| 949 |
_bBC _cTES _d-18868 _eTS2 _fc.2 _h25863 _i8609 _mD _si |
||
| 999 |
_c8402 _d8402 |
||